[Event "PNWCC vs Europe Hybrid 05"]
[Site "Chess.com INT"]
[Date "2022.05.08"]
[Round "4"]
[White "Sathish, Pranav"]
[Black "Rahnev, Alexandr"]
[Result "0-1"]
[WhiteElo "1850"]
[BlackElo "1948"]
[PlyCount "158"]
[EventDate "2022.05.07"]
[EventType "team-tourn"]
[EventRounds "4"]
[EventCountry "USA"]
[SourceTitle "EXT 2023"]
[Source "ChessBase"]
[SourceDate "2022.10.05"]
[SourceVersion "1"]
[SourceVersionDate "2022.10.05"]
[SourceQuality "1"]
[WhiteTeam "PNWCC"]
[BlackTeam "Europe"]
[WhiteTeamCountry "USA"]

1. c4 e5 2. Nc3 Nc6 3. g3 d6 4. Bg2 g6 5. e4 Bg7 6. Nge2 Bg4 7. d3 Qd7 8. h3 Be6 9. Be3 Nge7 10. Qd2 Nd4 11. Nd5 Ng8 12. 0-0-0 c6 13. Ndc3 Ne7 14. Bh6 Bxh6 15. Qxh6 0-0-0 16. Qe3 c5 17. Qd2 Nec6 18. f4 Kb8 19. Kb1 f6 20. Nd5 Nxe2 21. Qxe2 Nd4 22. Qe3 Bxd5 23. exd5 Rde8 24. Rde1 Kc7 25. Rhf1 exf4 26. Qxf4 Rxe1+ 27. Rxe1 Re8 28. Rxe8 Qxe8 29. Qf2 f5 30. Bf3 Qe5 31. Bd1 a6 32. Kc1 b5 33. b3 Kb6 34. Kd2 Kc7 35. Kc1 Kd8 36. Kd2 Ke7 37. a3 Kf6 38. b4 g5 39. g4 Kg6 40. bxc5 dxc5 41. gxf5+ Qxf5 42. Qe3 Qf4 43. Qxf4 gxf4 44. d6 Kf6 45. Bg4 a5 46. cxb5 Nxb5 47. d7 Ke7 48. a4 Nd4 49. h4 Nc6 50. Bf5 h6 51. Kc3 Ne5 52. d8Q+ Kxd8 53. d4 cxd4+ 54. Kxd4 Nf3+ 55. Ke4 Nxh4 56. Bh3 f3 57. Kf4 Kc7 58. Kg3 Ng6 59. Kxf3 Kd6 60. Ke4 Kc5 61. Kf5 Ne7+ 62. Kf6 Nd5+ 63. Kg7 h5 64. Kh6 Kb4 65. Bd7 Nb6 66. Bc6 Nxa4 67. Kxh5 Nc3 68. Kg4 Nb5 69. Kf4 a4 70. Ke3 a3 71. Bd5 Kc3 72. Ba2 Nd4 73. Ke4 Nb3 74. Ke3 Kb2 75. Kd3 Kxa2 76. Kc2 Nc5 77. Kc1 Ne6 78. Kc2 Nd4+ 79. Kc1 Kb3 0-1

[Event "PNWCC-Bulgaria Hybrid m2"]
[Site "Chess.com INT"]
[Date "2021.12.22"]
[Round "9"]
[White "Zaloznyy, Mike"]
[Black "Rahnev, Alexandr"]
[Result "1-0"]
[WhiteElo "2011"]
[BlackElo "2033"]
[PlyCount "161"]
[EventDate "2021.12.18"]
[EventType "team-match"]
[EventRounds "12"]
[EventCountry "USA"]
[SourceTitle "CBM 206 Extra"]
[Source "ChessBase"]
[SourceDate "2022.03.31"]
[SourceVersion "1"]
[SourceVersionDate "2022.03.31"]
[SourceQuality "1"]
[WhiteTeam "PNWCC"]
[BlackTeam "Bulgaria"]
[WhiteTeamCountry "USA"]
[BlackTeamCountry "BUL"]

1. d4 d5 2. e3 c6 3. Nf3 Nf6 4. Be2 Bg4 5. 0-0 e6 6. Nbd2 Nbd7 7. b3 Bd6 8. Bb2 Qc7 9. h3 Bh5 10. c4 0-0 11. Rc1 Rad8 12. Re1 Rfe8 13. Qc2 Bg6 14. Bd3 Bxd3 15. Qxd3 e5 16. dxe5 Nxe5 17. Qf5 Qd7 18. Qb1 dxc4 19. Nxe5 Bxe5 20. Nxc4 Bxb2 21. Rcd1 Qc7 22. Qxb2 b5 23. Nd2 c5 24. Qc2 Rc8 25. Nf3 h6 26. Rc1 Ne4 27. Nd2 Ng5 28. h4 Ne6 29. Qf5 Qa5 30. Ne4 Rc6 31. Re2 Rd8 32. g4 c4 33. Rec2 Qb4 34. g5 hxg5 35. hxg5 Nc5 36. Kg2 Nxe4 37. Qxe4 Qc5 38. bxc4 Qxg5+ 39. Kf1 Re6 40. Qg2 Qxg2+ 41. Kxg2 bxc4 42. Rxc4 Rd2 43. Rf4 Rxa2 44. Rc8+ Kh7 45. Rxf7 Rf6 46. Rxf6 gxf6 47. Kf3 Kg6 48. Ra8 Kf5 49. e4+ Ke5 50. Re8+ Kd6 51. Ke3 a5 52. f3 a4 53. Kf4 a3 54. Ra8 Ra1 55. Kf5 a2 56. f4 Ke7 57. Ra7+ Kd8 58. Ra6 Ke7 59. Ra8 Kd7 60. Kxf6 Rf1 61. Ra7+ Kd8 62. Rxa2 Rxf4+ 63. Ke5 Rf1 64. Ke6 Rh1 65. Ra8+ Kc7 66. Rf8 Rh6+ 67. Rf6 Rh1 68. e5 Re1 69. Rf7+ Kd8 70. Rf8+ Kc7 71. Re8 Re2 72. Kf7 Rf2+ 73. Ke7 Re2 74. e6 Re1 75. Rf8 Re2 76. Kf7 Rf2+ 77. Ke8 Re2 78. e7 Kd6 79. Rf6+ Kc7 80. Kf8 Kd7 81. Rf7 1-0

[Event "PNWCC-Bulgaria Hybrid m2"]
[Site "Chess.com INT"]
[Date "2021.12.18"]
[Round "1"]
[White "Nathan, Nitish"]
[Black "Rahnev, Alexandr"]
[Result "0-1"]
[WhiteElo "1803"]
[BlackElo "2033"]
[PlyCount "148"]
[EventDate "2021.12.18"]
[EventType "team-match"]
[EventRounds "12"]
[EventCountry "USA"]
[SourceTitle "CBM 206 Extra"]
[Source "ChessBase"]
[SourceDate "2022.03.31"]
[SourceVersion "1"]
[SourceVersionDate "2022.03.31"]
[SourceQuality "1"]
[WhiteTeam "PNWCC"]
[BlackTeam "Bulgaria"]
[WhiteTeamCountry "USA"]
[BlackTeamCountry "BUL"]

1. d4 d5 2. Bf4 c6 3. e3 Nf6 4. Nd2 g6 5. c3 Bg7 6. Ngf3 Nh5 7. Bg5 Nd7 8. e4 h6 9. Be3 dxe4 10. Nxe4 Nhf6 11. Ng3 Qc7 12. Bc4 b5 13. Bb3 Bb7 14. a4 a6 15. axb5 cxb5 16. 0-0 0-0 17. Qe2 e6 18. Rfc1 Nd5 19. c4 bxc4 20. Bxc4 Qb6 21. Bxd5 Bxd5 22. Rc2 Qb5 23. Qd2 Kh7 24. Ne1 Rfc8 25. Rac1 Qb7 26. Ne2 Rxc2 27. Rxc2 Rc8 28. Rxc8 Qxc8 29. Nc3 Bb7 30. Nd3 Qc4 31. Nc5 Nxc5 32. dxc5 Qg4 33. f3 Qb4 34. Nd1 Qb3 35. Nc3 Bc6 36. Ne2 Qxb2 37. Qxb2 Bxb2 38. Bd4 Ba3 39. Nc3 e5 40. Be3 f5 41. Kf1 g5 42. Ke1 Bb4 43. Kd2 f4 44. Bf2 g4 45. Kd3 gxf3 46. gxf3 Bxc3 47. Kxc3 a5 48. Bh4 Kg6 49. Kc4 Kf5 50. Be1 a4 51. Kd3 Bxf3 52. Bb4 Bd5 53. h3 Kg5 54. Bc3 Kf5 55. Bb4 Ke6 56. Ba3 Bg2 57. Bb4 Kd5 58. h4 e4+ 59. Ke2 Bh3 60. Bd2 Bg4+ 61. Kf1 e3 62. Bb4 Kc4 63. Ba3 Kb3 64. Bc1 a3 65. Bxa3 Kxa3 66. c6 f3 67. c7 f2 68. Kg2 Bh3+ 69. Kxh3 f1Q+ 70. Kh2 Qf4+ 71. Kg2 Qxc7 72. Kf3 Qc3 73. Ke2 Qd2+ 74. Kf1 Qf2# 0-1

[Event "BUL-chT-A 60th"]
[Site "Albena"]
[Date "2010.06.02"]
[Round "7.1"]
[White "Petrov, Marian"]
[Black "Rahnev, Alexandr"]
[Result "1-0"]
[WhiteElo "2545"]
[BlackElo "2125"]
[PlyCount "45"]
[EventDate "2010.05.27"]
[EventType "team-tourn"]
[EventRounds "7"]
[EventCountry "BUL"]
[SourceTitle "CBM 136 Extra"]
[Source "ChessBase"]
[SourceDate "2010.07.02"]
[SourceVersion "2"]
[SourceVersionDate "2010.07.15"]
[SourceQuality "1"]
[WhiteTeam "Vidin Nayden Voynov"]
[BlackTeam "Plovdiv Maritsa"]
[WhiteTeamCountry "BUL"]
[BlackTeamCountry "BUL"]

1. e4 e5 2. Nf3 Nc6 3. Nc3 d6 4. d4 Bg4 5. Bb5 exd4 6. Qxd4 a6 7. Bxc6+ bxc6 8. Bg5 Qb8 9. 0-0-0 Qa7 10. Qa4 Bd7 11. Rhe1 f6 12. e5 0-0-0 13. e6 Be8 14. Be3 Qb7 15. Nd2 c5 16. Qg4 Ne7 17. Nb3 f5 18. Qh3 c6 19. Bf4 c4 20. Nd2 d5 21. Na4 Qb4 22. Qe3 Ng6 23. Qa7 1-0